| 000 | 00464nam a2200193Ia 4500 | ||
|---|---|---|---|
| 005 | 20240823044541.0 | ||
| 008 | 240823s9999||||xx |||||||||||||| ||und|| | ||
| 020 | _a978-81-203-2998-0 | ||
| 041 | _aENGLISH | ||
| 082 | _A004.62 Q0 | ||
| 100 | _a"Comer,Douglas E" | ||
| 245 | 0 | _aInternetworking with TCP/IP Vol:I | |
| 250 | _a5th | ||
| 260 |
_c2010 _b#VALUE! |
||
| 500 | _aTRANSFERED | ||
| 650 |
_aTCP/IP _bComputer Science |
||
| 942 | _cBK | ||
| 999 |
_c212860 _d212860 |
||